000 00483nam a2200169 4500
001 148633
003 ES-MaACL
005 20230906202733.0
007 t|
008 070214s1957 ve r ||||1| spa d
245 0 0 _aStudia iuridica.
_n, . 1.
260 _aCaracas :
_bUniversidad Central de Venezuela,
_c1957 (
_fSucre)
300 _a538 p. ;
_c23 cm.
500 _aPublicación anual.
710 2 _aUniversidad Central de Venezuela.
_97083
852 _aES-MaACL
_jP-803
_bR.47358
999 _c148633
_d148633